Techniques in bioproductivity and photosynthesis / (Record no. 15423)

000 -LEADER
fixed length control field 00585cam a2200205 a 4500
020 ## - INTERNATIONAL STANDARD BOOK NUMBER
ISBN 0080273831 (pbk.)
020 ## - INTERNATIONAL STANDARD BOOK NUMBER
ISBN 0080273823 (hard)
040 ## - CATALOGING SOURCE
Transcribing agency DLC
082 00 - DEWEY DECIMAL CLASSIFICATION NUMBER
Classification number 581 PER 1982 A063 Or.
245 00 - TITLE STATEMENT
Title Techniques in bioproductivity and photosynthesis /
250 ## - EDITION STATEMENT
Edition statement 1st ed.
260 ## - PUBLICATION, DISTRIBUTION, ETC. (IMPRINT)
Place of publication Oxford ;
-- New York :
Name of publisher Pergamon Press,
Year of publication 1982.
300 ## - PHYSICAL DESCRIPTION
Number of Pages xix, 171 p. :
Other physical details ill. ;
Dimensions 25 cm.
650 #0 - SUBJECT ADDED ENTRY--TOPICAL TERM
Topical Term Primary productivity (Biology)
650 #0 - SUBJECT ADDED ENTRY--TOPICAL TERM
Topical Term Photosynthesis
700 1# - ADDED ENTRY--PERSONAL NAME
Personal name Coombs, J.
700 1# - ADDED ENTRY--PERSONAL NAME
Personal name Hall, D. O.
710 2# - ADDED ENTRY--CORPORATE NAME
Corporate name or jurisdiction name as entry element United Nations Environment Programme.
942 ## - ADDED ENTRY ELEMENTS (KOHA)
Koha item type សៀវភៅភាសាអង់គ្លេស
952 ## - LOCATION AND ITEM INFORMATION (KOHA)
Withdrawn status [LOCAL, KOHA] 0
Holdings
Permanent Location Date acquired Koha item type Lost status Shelving location Barcode Current Location Full call number
Library Block A2017-11-21សៀវភៅភាសាអង់គ្លេស A063A06887Library Block A581 PER 1982 A063 Or.
មជ្ឈមណ្ឌលឯការនៃសាកលវិទ្យាល័យភូមិន្ទកសិកម្មចំការដូង

Powered by Koha